000 00965nam a22002417a 4500
001 52527
003 BD-RjUL
005 20211209075825.0
008 160921s2000 ii ||||| |||| 00| 0 ben d
020 _a8186946322
_c: IRs 140.00
035 _a(BD-RjUL)52647
040 _aBD-RjUL
_bben
_cBD-RjUL
041 _aben
082 _223
_a891.44092
_bSEG 2000
100 _aসেন, নবেন্দু
_9126246
245 1 0 _aগদ্যশিল্পী অক্ষ্যকুমার দত্ত ও দেবেন্দ্রনাথ ঠাকুর /
_cনবেন্দু সেন
250 _a২য় সং.
260 _aকলকাতা :
_bসাহিত্যলোক,
_c২০০০
300 _a২৫৪ পৃ. ;
_c২৩ সেমি.
650 _aবাংলা সাহিত্য
_vলেখক
_xজীবনী
_9157073
650 _aBengali Literature
_vWriter
_xBiography
_9157074
942 _2ddc
_cBK
999 _c52527
_d52527